[Event "Sueca op 8th"]
[Site "Sueca"]
[Date "2024.08.10"]
[Round "8"]
[White "Gadea Marti, Rafael Nicolas"]
[Black "Boronat Sevilla, Parmenio"]
[Result "1/2-1/2"]
[WhiteElo "1597"]
[BlackElo "1801"]
[PlyCount "61"]
[EventDate "2024.08.05"]
[EventType "swiss"]
[EventRounds "9"]
[EventCountry "ESP"]
[SourceTitle "CBM 221 Extra"]
[Source "ChessBase"]
[SourceDate "2024.09.30"]
[SourceVersion "1"]
[SourceVersionDate "2024.09.30"]
[SourceQuality "1"]

1. d4 Nf6 2. Nf3 d5 3. e3 c5 4. b3 Nc6 5. Bb2 e6 6. Bd3 Nb4 7. Be2 cxd4 8. exd4 Bd6 9. a3 Nc6 10. Nbd2 0-0 11. 0-0 Nh5 12. Ne5 Nf4 13. Re1 Qg5 14. g3 Nxe2+ 15. Qxe2 f6 16. Nxc6 bxc6 17. c4 c5 18. cxd5 exd5 19. dxc5 Bxc5 20. Nf3 Qg6 21. Rad1 Bb7 22. Qb5 Bb6 23. Bd4 Qg4 24. Qd3 Bxd4 25. Nxd4 Rae8 26. Re2 Rxe2 27. Qxe2 Qe4 28. Qxe4 dxe4 29. Ne6 Rc8 30. Nxg7 Ba6 31. Ne6 1/2-1/2

[Event "ESP-ch U10"]
[Site "Salobrena"]
[Date "2023.07.04"]
[Round "3"]
[White "Gadea Marti, Rafael Nicolas"]
[Black "Yanez Munoz, Alejandra"]
[Result "1-0"]
[WhiteElo "1072"]
[BlackElo "1230"]
[PlyCount "61"]
[EventDate "2023.07.03"]
[EventType "swiss"]
[EventRounds "9"]
[EventCountry "ESP"]
[SourceTitle "EXT 2024"]
[Source "ChessBase"]
[SourceDate "2023.10.10"]
[SourceVersion "1"]
[SourceVersionDate "2023.10.10"]
[SourceQuality "1"]

1. d4 d5 2. Nf3 Nf6 3. e3 c5 4. b3 Nc6 5. Bd3 cxd4 6. exd4 e6 7. 0-0 Be7 8. Bb2 0-0 9. Nbd2 b6 10. Ne5 Bb7 11. f4 Rc8 12. a3 a6 13. Qf3 b5 14. Qh3 Qb6 15. Ng4 g6 16. Nf3 Qc7 17. Ng5 h5 18. Ne5 Bd6 19. Rae1 Ng4 20. Nxg4 Bxf4 21. Nf6+ Kg7 22. Ngh7 Rh8 23. Qh4 Bh6 24. Rf3 Rxh7 25. Nxh7 Kxh7 26. Ref1 Rf8 27. Qxh5 Nd8 28. Bxg6+ Kg7 29. Bc1 f5 30. Qxh6+ Kf6 31. Bg5# 1-0